Qué locura! a la hora de comer = Wild! mealtime / (Record no. 16237)

MARC details
000 -LEADER
fixed length control field 02066cam a2200457Ii 4500
001 - CONTROL NUMBER
control field 943646604
003 - CONTROL NUMBER IDENTIFIER
control field OCoLC
005 - DATE AND TIME OF LATEST TRANSACTION
control field 20161013134823.0
008 - FIXED-LENGTH DATA ELEMENTS--GENERAL INFORMATION
fixed length control field 160220s2014 enka j 000 1 spa d
020 ## - INTERNATIONAL STANDARD BOOK NUMBER
International Standard Book Number 9781846439056
020 ## - INTERNATIONAL STANDARD BOOK NUMBER
International Standard Book Number 1846439051
040 ## - CATALOGING SOURCE
Original cataloging agency BTCTA
Description conventions rda
Language of cataloging eng
Transcribing agency BTCTA
Modifying agency NYP
-- OCLCO
-- OCLCF
-- OCLCO
-- CGP
-- VP@
-- SXP
041 0# - LANGUAGE CODE
Language code of text/sound track or separate title eng
-- spa
100 1# - MAIN ENTRY--PERSONAL NAME
Personal name Dicmas, Courtney,
Relator term author,
-- illustrator.
245 10 - TITLE STATEMENT
Title Qué locura! a la hora de comer = Wild! mealtime /
Statement of responsibility, etc. Courtney Dicmas; traducido por: Teresa Mlawer.
246 31 - VARYING FORM OF TITLE
Title proper/short title Wild mealtime
246 31 - VARYING FORM OF TITLE
Title proper/short title Mealtime
260 ## - PUBLICATION, DISTRIBUTION, ETC. (IMPRINT)
Place of publication, distribution, etc. Swindon :
Name of publisher, distributor, etc. Child's Play (International) Ltd.,
Date of publication, distribution, etc. [2014]
264 #1 - PRODUCTION, PUBLICATION, DISTRIBUTION, MANUFACTURE, AND COPYRIGHT NOTICE
Place of production, publication, distribution, manufacture Swindon :
Name of producer, publisher, distributor, manufacturer Child's Play (International) Ltd.,
Date of production, publication, distribution, manufacture, or copyright notice [2014]
300 ## - PHYSICAL DESCRIPTION
Extent 1 volume (unpaged) :
Other physical details chiefly color illustrations ;
Dimensions 16 cm.
336 ## - CONTENT TYPE
Content type term text
Content type code txt
Source rdacontent.
336 ## - CONTENT TYPE
Content type term still image
Content type code sti
Source rdacontent.
337 ## - MEDIA TYPE
Media type term unmediated
Media type code n
Source rdamedia.
338 ## - CARRIER TYPE
Carrier type term volume
Carrier type code nc
Source rdacarrier.
490 ## - SERIES STATEMENT
Series statement Wild!
500 ## - GENERAL NOTE
General note On board pages.
500 ## - GENERAL NOTE
General note Title on cover.
520 ## - SUMMARY, ETC.
Summary, etc. ℗ŁLa hora de comer puede ser una locura, especialmente si se trata de animales beb©♭! A veces desordenado, con frecuencia ca©đtico y casi siempre agotador, este momento nos brinda excelentes oportunidades de estrechar v©Ưnculos ©ðnicos y especiales.--Page 4 of cover.
520 ## - SUMMARY, ETC.
Summary, etc. "Mealtimes can be wild, especially when animal babies are involved! Sometimes messy, often chaotic and always exhausting, they offer perfect bonding opportunities - of a kind!"--Page 4 of cover.
546 ## - LANGUAGE NOTE
Language note Text in English and Spanish.
650 #0 - SUBJECT ADDED ENTRY--TOPICAL TERM
Topical term or geographic name as entry element Animals
General subdivision Infancy
Form subdivision Juvenile fiction.
650 #0 - SUBJECT ADDED ENTRY--TOPICAL TERM
Topical term or geographic name as entry element Animals
General subdivision Food
Form subdivision Juvenile fiction.
650 #7 - SUBJECT ADDED ENTRY--TOPICAL TERM
Topical term or geographic name as entry element Animals
General subdivision Food.
Source of heading or term fast
Authority record control number (OCoLC)fst00809499.
650 #7 - SUBJECT ADDED ENTRY--TOPICAL TERM
Topical term or geographic name as entry element Animals
General subdivision Infancy.
Source of heading or term fast
Authority record control number (OCoLC)fst00809510.
650 #7 - SUBJECT ADDED ENTRY--TOPICAL TERM
Topical term or geographic name as entry element Board books.
Source of heading or term fast
Authority record control number (OCoLC)fst01202255.
655 #0 - INDEX TERM--GENRE/FORM
Genre/form data or focus term Board books.
655 #7 - INDEX TERM--GENRE/FORM
Genre/form data or focus term Fiction.
Source of term fast
Authority record control number (OCoLC)fst01423787.
655 #7 - INDEX TERM--GENRE/FORM
Genre/form data or focus term Juvenile works.
Source of term fast
Authority record control number (OCoLC)fst01411637.
700 1# - ADDED ENTRY--PERSONAL NAME
Personal name Mlawer, Teresa,
Relator term translator.
942 ## - ADDED ENTRY ELEMENTS (KOHA)
Koha item type Libro/Book
Holdings
Withdrawn status Lost status Damaged status Not for loan Home library Current library Date acquired Inventory number Total Checkouts Full call number Barcode Date last seen Date checked out Price effective from Koha item type
        Azul y Blanco -- Satellite Azul y Blanco -- Satellite 20/09/2016 inventory date: 20-1-25 2 JI 35200510 22/03/2021 12/03/2021 20/09/2016 Libro/Book

Powered by Koha